| 000 | 00510nam a2200181 4500 | ||
|---|---|---|---|
| 003 | OSt | ||
| 008 | 241004b |||||||| |||| 00| 0 eng d | ||
| 020 | _a9788126206094 | ||
| 041 | _amal | ||
| 082 | _a891.73 GOG/OR | ||
| 100 |
_aGogol, Nikolai _96272 |
||
| 245 | _aOru unmadiyude dinasarikkurippukalum mattu kathakalum / | ||
| 260 |
_aThiruvananthapuram : _bChintha Publishers, _c2011. |
||
| 300 | _a128p. | ||
| 650 |
_aRussian literature _96273 |
||
| 700 |
_aChandran, K. K -translator. _96274 |
||
| 942 | _cBK | ||
| 999 |
_c18106 _d18106 |
||